PERIHAL AYAT dalam BAHASA MELAYU / (Record no. 3136)

MARC details
000 -LEADER
fixed length control field 00884nam a22002897a 4500
005 - DATE AND TIME OF LATEST TRANSACTION
control field 20260107094058.0
008 - FIXED-LENGTH DATA ELEMENTS--GENERAL INFORMATION
fixed length control field 260107b |||||||| |||| 00| 0 eng d
020 ## - INTERNATIONAL STANDARD BOOK NUMBER
International Standard Book Number 9789834947088
040 ## - CATALOGING SOURCE
Original cataloging agency JKKN
082 04 - DEWEY DECIMAL CLASSIFICATION NUMBER
Edition number 23
Classification number 499.235
100 1# - MAIN ENTRY--PERSONAL NAME
Personal name Kho, Thong Eng,
Dates associated with a name 1954-,
9 (RLIN) 4984
245 10 - TITLE STATEMENT
Title PERIHAL AYAT dalam BAHASA MELAYU /
Statement of responsibility, etc KHO THONG ENG
264 #1 - PRODUCTION, PUBLICATION, DISTRIBUTION, MANUFACTURE, AND COPYRIGHT NOTICE
Place of production, publication, distribution, manufacture Kuala Lumpur :
Name of producer, publisher, distributor, manufacturer Dewan Bahasa dan Pustaka,
Date of production, publication, distribution, manufacture, or copyright notice [2025?]
300 ## - PHYSICAL DESCRIPTION
Extent pages:
Other physical details illustrations;
Dimensions cm.
336 ## - CONTENT TYPE
Source rdacontent
Content type term text
337 ## - MEDIA TYPE
Source rdamedia
Media type term unmediated
338 ## - CARRIER TYPE
Source rdacarrier
Carrier type term volume
650 10 - SUBJECT ADDED ENTRY--TOPICAL TERM
Topical term or geographic name as entry element Malay language
General subdivision Sentences
9 (RLIN) 4985
650 20 - SUBJECT ADDED ENTRY--TOPICAL TERM
Topical term or geographic name as entry element Malay language
General subdivision Study and teaching
9 (RLIN) 4986
650 20 - SUBJECT ADDED ENTRY--TOPICAL TERM
Topical term or geographic name as entry element Malay language
General subdivision Writing
9 (RLIN) 3775
650 20 - SUBJECT ADDED ENTRY--TOPICAL TERM
Topical term or geographic name as entry element Malay language
General subdivision Usage
650 20 - SUBJECT ADDED ENTRY--TOPICAL TERM
Topical term or geographic name as entry element Government publications
Geographic subdivision Malaysia
9 (RLIN) 4835
700 0# - ADDED ENTRY--PERSONAL NAME
Relator term editor.
942 ## - ADDED ENTRY ELEMENTS (KOHA)
Source of classification or shelving scheme Dewey Decimal Classification
Item type Buku
997 ## - COLLECTION IDENTIFACTION
JKKN PNM
998 ## - LOCAL CONTROL INFORMATION (RLIN)
First Date, FD (RLIN) 1
PROC (RLIN) 499.235
Holdings
Withdrawn status Lost status Source of classification or shelving scheme Damaged status Not for loan Collection code Home library Current library Shelving location Date acquired Source of acquisition Total Checkouts Full call number Barcode Date last seen Price effective from Koha item type
    Dewey Decimal Classification     Non-fiction JKKN Main Library JKKN Main Library General Stacks 07/01/2026 BELI PEKAN ILMU   499.235 THO HQ006320 07/01/2026 07/01/2026 Buku

Supported by RICOM